00776nam a2200253Ia 4500003000400000005001700004006001800021007000300039008004100042024001000083037001100093040001800104041001300122100003300135110008000168245006000248260000900308650002400317700003300341700003700374700008000411942001200491999001900503OSt20220930084412.0a|||||r|||| 00| 0ta220926b |||||||| |||| 00| 0 eng d a84158 cTheses aCRLcCRLbeng 2engaeng aSethi Sidharth Kumar9537599 aUniversity of Delhi. Faculty of Medical Sciences. Department of Paediatrics 0aEstimation of gestational age by anthropometry at birth c2005 aCHILDREN - DISEASES a Dr. A. Indrayan Gu.9537600 a Dr. M. M. A. Faridi Gu.9532685 aUniversity of Delhi. Faculty of Medical Sciences. Department of Paediatrics cDIS2CC c877160d877160